000 00397cam a2200145ua 4500
041 _aeng
_h
082 _a331.21
_bROB/EC
100 _aRobertson, D.J .
245 _aEconomics of wages and the distribution of income /
_cD.J Robertson.
_hTextual Documents
260 _aLondon :
_bMacMillan and Company Limited ,
_c1963.
300 _a242 ; .
504 _a
942 _cBK
999 _c1322
_d1322